| 000 | 004790000a22001210004500 | ||
|---|---|---|---|
| 090 |
_aAS _bSeriadas |
||
| 245 | 1 | 0 | _aPrimer registro de una serpiente del género de Amastridium cope, (Serpentes: Colubridae), para Sudamérica |
| 041 | 0 | _aEspañol | |
| 700 | 1 |
_aRueda Martínez, José Nicolás _962747 |
|
| 100 | 1 |
_aRueda Almonacid , José Vicente _9689 |
|
| 942 | _cARTICULO | ||
| 773 | 1 |
_tRevista de Academia Colombiana de Ciencias Exactas, Físicas y Naturales _h107 _q291-293 _d2004 _g28 |
|
| 999 |
_c15548 _d15548 |
||